Principles and practice of rating valuation (Record no. 112668)

MARC details
000 -LEADER
fixed length control field 00693cam a22002175a 4500
001 - CONTROL NUMBER
control field E153720
008 - FIXED-LENGTH DATA ELEMENTS--GENERAL INFORMATION
fixed length control field 110822s1956 xxk f 000 0 eng d
035 ## - SYSTEM CONTROL NUMBER
System control number (Sirsi) u153720
041 0# - LANGUAGE CODE
Language code of text/sound track or separate title eng
050 04 - LIBRARY OF CONGRESS CALL NUMBER
Classification number 336.2 $2 18
100 1# - MAIN ENTRY--PERSONAL NAME
Personal name Eve, H. Brian
245 00 - TITLE STATEMENT
Title Principles and practice of rating valuation
260 ## - PUBLICATION, DISTRIBUTION, ETC.
Place of publication, distribution, etc. London
Name of publisher, distributor, etc. Estates Gazette
Date of publication, distribution, etc. 1956
300 ## - PHYSICAL DESCRIPTION
Extent xix, 314p.
Dimensions 22 cm.
520 ## - SUMMARY, ETC.
Summary, etc. Includes examples of typical valuations. Law is current as at 1 April 1956. Also includes supplement dated 1957.
651 #4 - SUBJECT ADDED ENTRY--GEOGRAPHIC NAME
Geographic name England and Wales
Chronological subdivision 1543-
690 ## - LOCAL SUBJECT ADDED ENTRY--TOPICAL TERM (OCLC, RLIN)
Topical term or geographic name as entry element PROPERTY-PROPERTY APPRAISAL AND VALUATION
700 1# - ADDED ENTRY--PERSONAL NAME
Personal name White, Philip H.
700 1# - ADDED ENTRY--PERSONAL NAME
Personal name Wilks, Hector M.
942 ## - ADDED ENTRY ELEMENTS (KOHA)
Suppress in OPAC 0
Holdings
Withdrawn status Lost status Source of classification or shelving scheme Damaged status Not for loan Home library Current library Shelving location Date acquired Total Checkouts Full call number Barcode Date last seen Copy number Price effective from Koha item type
    Dewey Decimal Classification     London London Basement 22/08/2011   RESERVE 336.2 EVE 30076997 06/08/2019 1 06/08/2019 Book